000 00384 a2200157 4500
001 48159
020 _a9788538031086
040 _cAnchieta - Aquarius
100 _aPanza, Sylvio Luiz
240 1 0 _aO ciclo da água e outras histórias
_l
245 1 0 _aO ciclo da água e outras histórias
300 _a32
362 0 _a2011
650 4 _aLiteratura infanto-juvenil
942 _cBK
999 _c48159
_d48159